[Event "XX C.to Italiano U20"]
[Site "Acqui Terme ITA"]
[Date "2012.07.23"]
[Round "1"]
[White "Altini, Nicola"]
[Black "Bargeri, Ludovico"]
[WhiteElo "2332"]
[BlackElo "1954"]
[Result "1-0"]
[PlyCount "29"]
[EventDate "2012.07.23"]

1. d4 d5 2. c4 c6 3. Nf3 Nf6 4. Nc3 e6 5. g3 Nbd7 6. Bg2 dxc4 7. O-O b5 8. e4
Bb7 9. e5 Nd5 10. Ng5 Qb6 11. Qf3 O-O-O 12. Nxf7 Be7 13. Nxh8 Rxh8 14. Qf7 Nxc3
15. bxc3 1-0

[Event "XX C.to Italiano U20"]
[Site "Acqui Terme ITA"]
[Date "2012.07.23"]
[Round "1"]
[White "Caprio, Guido"]
[Black "Palazzotto, Roberto"]
[WhiteElo "2430"]
[BlackElo "1983"]
[Result "1-0"]
[PlyCount "67"]
[EventDate "2012.07.23"]

1. d4 c5 2. e4 cxd4 3. Nf3 a6 4. Qxd4 Nc6 5. Qe3 d6 6. h3 Nf6 7. c4 g6 8. Be2
Bg7 9. O-O O-O 10. Rd1 Qc7 11. Bd2 Be6 12. Nc3 Rad8 13. Rac1 Nd7 14. Nd5 Qb8
15. b4 Bxd5 16. exd5 Nce5 17. c5 dxc5 18. bxc5 Nxf3+ 19. Bxf3 Ne5 20. Ba5 Rc8
21. Be2 Rfe8 22. f4 Nd7 23. Bg4 f5 24. Qe6+ Kh8 25. Qxd7 fxg4 26. Qxg4 Rf8 27.
g3 Rce8 28. Bb6 Qc8 29. Qxc8 Rxc8 30. d6 exd6 31. cxd6 Rxc1 32. Rxc1 Bf6 33. d7
Bd8 34. Bxd8 1-0

[Event "XX C.to Italiano U20"]
[Site "Acqui Terme ITA"]
[Date "2012.07.23"]
[Round "1"]
[White "Rambaldi, Francesco"]
[Black "Bonassi, Tommaso"]
[WhiteElo "2257"]
[BlackElo "1928"]
[Result "1-0"]
[PlyCount "57"]
[EventDate "2012.07.23"]

1. c4 c5 2. Nf3 Nc6 3. d4 cxd4 4. Nxd4 g6 5. e4 Bg7 6. Be3 Nf6 7. Nc3 O-O 8.
Be2 d6 9. O-O Bd7 10. Qd2 Ng4 11. Bxg4 Bxg4 12. f3 Bd7 13. Rfd1 Rc8 14. b3 Qa5
15. Rac1 Nxd4 16. Bxd4 Bxd4+ 17. Qxd4 Qc5 18. e5 Bc6 19. exd6 exd6 20. Kh1 Rcd8
21. Qh4 Qe3 22. b4 d5 23. b5 d4 24. Re1 Qd3 25. Ne2 Bxf3 26. Nf4 Bxg2+ 27. Kxg2
Qf5 28. Nd5 Kg7 29. Qxd4+ 1-0

[Event "XX C.to Italiano U20"]
[Site "Acqui Terme ITA"]
[Date "2012.07.23"]
[Round "1"]
[White "Sagripanti, Michele"]
[Black "De Filomeno, Simone"]
[WhiteElo "1981"]
[BlackElo "2338"]
[Result "0-1"]
[PlyCount "74"]
[EventDate "2012.07.23"]

1. Nf3 d5 2. d4 Nf6 3. c4 e6 4. Nc3 c6 5. g3 Nbd7 6. Bg2 dxc4 7. O-O Be7 8. e4
O-O 9. a4 a5 10. Qc2 b6 11. Rd1 h6 12. Be3 Qe8 13. h3 Bb4 14. g4 Bb7 15. g5
hxg5 16. e5 Nd5 17. Nxg5 g6 18. Qe4 Kg7 19. Ne2 c5 20. Qg4 cxd4 21. Bxd5 Bxd5
22. Nf4 dxe3 23. Nh5+ Kg8 24. Nf6+ Nxf6 25. exf6 exf2+ 26. Kf1 Bf3 27. Nxf3 Qc6
28. Qf4 Rfd8 29. Qh6 Bf8 30. Qf4 c3 31. bxc3 Qxc3 32. Kxf2 Qc2+ 33. Rd2 Rxd2+
34. Qxd2 Bc5+ 35. Kg3 Bd4 36. Rb1 Bxf6 37. Rxb6 Rd8 0-1

[Event "XX C.to Italiano U20"]
[Site "Acqui Terme ITA"]
[Date "2012.07.23"]
[Round "1"]
[White "Villa, Giorgio"]
[Black "Boscolo, Federico"]
[WhiteElo "1949"]
[BlackElo "2300"]
[Result "0-1"]
[PlyCount "126"]
[EventDate "2012.07.23"]

1. d4 Nf6 2. Nf3 g6 3. c4 Bg7 4. g3 O-O 5. Bg2 d6 6. O-O Nc6 7. d5 Na5 8. Nfd2
c5 9. Nc3 a6 10. Qc2 Rb8 11. b3 b5 12. Bb2 e5 13. dxe6 Bxe6 14. cxb5 axb5 15.
Nce4 c4 16. Nxf6+ Bxf6 17. Ne4 Bxb2 18. Qxb2 f5 19. Nc3 b4 20. Nd5 c3 21. Qc2
Bxd5 22. Bxd5+ Kh8 23. a3 Qb6 24. axb4 Qxb4 25. Ra4 Qc5 26. Bc4 Qe5 27. Rc1
Rfc8 28. Qxc3 Nxb3 29. Qxe5+ dxe5 30. Rb1 Nd4 31. Rxb8 Rxb8 32. Ra2 Rb7 33. Kg2
Rc7 34. Bd5 Kg7 35. Rb2 Kh6 36. Rb7 Rxb7 37. Bxb7 Nxe2 38. h4 Kg7 39. Bc8 Nd4
40. Ba6 Kf6 41. Bc4 h6 42. Ba6 Nb3 43. Bc4 Nc5 44. Bb5 Nb7 45. Bc6 Nd6 46. Bd5
Ke7 47. Bb3 Kf6 48. Bd5 Nb5 49. Bc4 Nd4 50. Ba6 Ke6 51. Bc4+ Ke7 52. Bd5 Kf6
53. Bc4 f4 54. Bd5 Kf5 55. Bb7 e4 56. gxf4 Kxf4 57. Bd5 Nf5 58. Kh3 Kf3 59. Bc6
Nd6 60. Bd5 Kxf2 61. Kg4 e3 62. Bf3 h5+ 63. Kf4 Nf5 0-1

[Event "XX C.to Italiano U20"]
[Site "Acqui Terme ITA"]
[Date "2012.07.24"]
[Round "2"]
[White "Bisi, Samuele"]
[Black "Altini, Nicola"]
[WhiteElo "2063"]
[BlackElo "2332"]
[Result "0-1"]
[PlyCount "66"]
[EventDate "2012.07.23"]

1. d4 d5 2. Nf3 Nf6 3. c4 c6 4. Nc3 dxc4 5. e4 b5 6. e5 Nd5 7. a4 e6 8. axb5
Nxc3 9. bxc3 cxb5 10. Ng5 Bb7 11. Qh5 g6 12. Qg4 Be7 13. Be2 Bd5 14. O-O a5 15.
Ne4 h5 16. Qf4 Nc6 17. Bf3 b4 18. Re1 Kf8 19. Ra4 Rc8 20. Bb2 Kg7 21. Rea1 Rb8
22. Be2 h4 23. Qe3 h3 24. g3 Rb7 25. Nd2 Qa8 26. Nxc4 Bxc4 27. Bxc4 bxc3 28.
Bxc3 Nxd4 29. Bd5 Rb1+ 30. Rxb1 Qxd5 31. f3 Nxf3+ 32. Kf2 Bc5 33. Bd4 Nxd4 0-1

[Event "XX C.to Italiano U20"]
[Site "Acqui Terme ITA"]
[Date "2012.07.24"]
[Round "2"]
[White "Boscolo, Federico"]
[Black "Maurizio, Antonio"]
[WhiteElo "2300"]
[BlackElo "2065"]
[Result "1-0"]
[PlyCount "113"]
[EventDate "2012.07.23"]

1. e4 c6 2. d4 d5 3. exd5 cxd5 4. Bd3 Nc6 5. c3 e6 6. Bf4 Bd6 7. Bxd6 Qxd6 8.
Nf3 Nge7 9. O-O h6 10. Nbd2 O-O 11. Qe2 Bd7 12. Rae1 Rac8 13. Ne5 Be8 14. f4 f6
15. Nef3 Qxf4 16. Qxe6+ Bf7 17. Qh3 Qd6 18. Nh4 Rfe8 19. Nf5 Nxf5 20. Qxf5 Rcd8
21. Nf3 g6 22. Qg4 h5 23. Qh4 Kg7 24. Qf2 Rxe1 25. Rxe1 Re8 26. Rxe8 Bxe8 27.
Qe3 Bf7 28. g3 Nd8 29. Nh4 Ne6 30. Qe2 Qd7 31. Bb5 Qc8 32. Ba4 Nf8 33. Bb3 Qd7
34. Ng2 Ne6 35. h4 Nc7 36. Nf4 b5 37. a3 a5 38. Bc2 Ne6 39. Nd3 Qd6 40. Qe3 Nf8
41. Nc5 Nd7 42. Bd3 Qc6 43. b4 axb4 44. axb4 Nb6 45. Qe7 Nc8 46. Qd8 Nb6 47.
Qe7 Nc8 48. Qd8 Nb6 49. Qb8 Nc4 50. Kf2 Nd6 51. Qd8 Nc4 52. Qe7 Nb6 53. Bxb5
Qc8 54. Bd7 Qa8 55. Ne6+ Kg8 56. Qxf6 Qa2+ 57. Kf3 1-0

[Event "XX C.to Italiano U20"]
[Site "Acqui Terme ITA"]
[Date "2012.07.24"]
[Round "2"]
[White "Davi, Alessandro"]
[Black "Caprio, Guido"]
[WhiteElo "2102"]
[BlackElo "2430"]
[Result "1/2-1/2"]
[PlyCount "120"]
[EventDate "2012.07.23"]

1. d4 e6 2. Nf3 c5 3. e3 Nf6 4. c4 d5 5. Nc3 a6 6. Ne5 Be7 7. cxd5 exd5 8. Bd3
Nc6 9. Nxc6 bxc6 10. O-O O-O 11. b3 Bd6 12. h3 Re8 13. dxc5 Bxc5 14. Bb2 Ba7
15. Qf3 Bb8 16. Ne2 Ne4 17. Rad1 Qh4 18. Nf4 Ng5 19. Qh5 Qxh5 20. Nxh5 f6 21.
Bxf6 gxf6 22. Nxf6+ Kf7 23. Nxe8 h6 24. h4 Ne6 25. e4 d4 26. Bc4 Kxe8 27. Bxe6
Bxe6 28. Rxd4 Be5 29. Rd3 c5 30. Rc1 Rc8 31. g3 Ke7 32. Kg2 a5 33. f4 Bd4 34.
Kf3 h5 35. f5 Bd7 36. Kf4 Rg8 37. Rxd4 cxd4 38. Rd1 Rg4+ 39. Ke5 Rxg3 40. Rxd4
Be8 41. Rd5 a4 42. bxa4 Ra3 43. Ra5 Rxa2 44. Ra7+ Kf8 45. a5 Ra4 46. a6 Bc6 47.
Kf6 Rxe4 48. Rc7 Be8 49. Rh7 Kg8 50. Re7 Bc6 51. Rc7 Bd5 52. a7 Rxh4 53. Rc8+
Kh7 54. a8=Q Bxa8 55. Rxa8 Rf4 56. Ra7+ Kh6 57. Ke6 h4 58. f6 h3 59. Ra3 Kg5
60. Rxh3 Rxf6+ 1/2-1/2

[Event "XX C.to Italiano U20"]
[Site "Acqui Terme ITA"]
[Date "2012.07.24"]
[Round "2"]
[White "De Filomeno, Simone"]
[Black "Gonella, Daniele"]
[WhiteElo "2338"]
[BlackElo "2121"]
[Result "1-0"]
[PlyCount "89"]
[EventDate "2012.07.23"]

1. e4 c5 2. Nf3 Nc6 3. d4 cxd4 4. Nxd4 Nf6 5. Nc3 e5 6. Ndb5 d6 7. Bg5 a6 8.
Na3 b5 9. Bxf6 gxf6 10. Nd5 Bg7 11. g3 Ne7 12. Bg2 Be6 13. O-O O-O 14. c3 Rb8
15. Nc2 f5 16. Ncb4 Bxd5 17. exd5 Qb6 18. Nc6 Rbe8 19. Nxe7+ Rxe7 20. Qh5 e4
21. Bh3 b4 22. Bxf5 h6 23. Qg4 bxc3 24. bxc3 Rfe8 25. Rae1 e3 26. Re2 Qc5 27.
c4 Qd4 28. Kg2 Qxg4 29. Bxg4 Bd4 30. fxe3 Rxe3 31. Rd2 Bc3 32. Rdf2 R8e4 33.
Kh3 f6 34. Rb1 a5 35. Be6+ Kf8 36. Rb8+ Ke7 37. Rb7+ Ke8 38. Rd7 Re2 39. Rxe2
Rxe2 40. Rxd6 Rxa2 41. c5 a4 42. Ra6 Rd2 43. d6 Kf8 44. Ra8+ Kg7 45. d7 1-0

[Event "XX C.to Italiano U20"]
[Site "Acqui Terme ITA"]
[Date "2012.07.24"]
[Round "2"]
[White "Pisacane, Pietro"]
[Black "Rambaldi, Francesco"]
[WhiteElo "2032"]
[BlackElo "2257"]
[Result "0-1"]
[PlyCount "98"]
[EventDate "2012.07.23"]

1. d4 e6 2. c4 Bb4+ 3. Bd2 a5 4. Nf3 Nf6 5. e3 O-O 6. Bd3 Bxd2+ 7. Nbxd2 d6 8.
O-O Qe7 9. e4 e5 10. d5 Nh5 11. g3 Na6 12. b3 g6 13. a3 Bd7 14. Rb1 Nc5 15. Bc2
Bg4 16. b4 Nd7 17. Bd3 b6 18. Kg2 f5 19. Be2 fxe4 20. Nxe4 Bf5 21. Nfd2 Nhf6
22. Bf3 g5 23. g4 Bg6 24. Rc1 h6 25. Re1 Kg7 26. Ng3 Qf7 27. h3 Rae8 28. Qe2
Re7 29. Nde4 axb4 30. axb4 Ra8 31. Nxf6 Nxf6 32. Be4 Nxe4 33. Nxe4 Ree8 34. Rc3
Rf8 35. f3 Ra4 36. Rb1 Rfa8 37. Rb2 Ra1 38. Rcc2 R8a3 39. Ra2 Qf4 40. Rxa3 Rxa3
41. Rc3 Ra4 42. Rb3 Qc1 43. Rc3 Qb1 44. Nd2 Qxb4 45. Rb3 Qc5 46. Rc3 Qd4 47.
Rc1 Ra2 48. Rd1 Bc2 49. Nb3 Qxd1 0-1

[Event "XX C.to Italiano U20"]
[Site "Acqui Terme ITA"]
[Date "2012.07.25"]
[Round "3"]
[White "Altini, Nicola"]
[Black "Basso, Pier Luigi"]
[WhiteElo "2332"]
[BlackElo "2179"]
[Result "1-0"]
[PlyCount "50"]
[EventDate "2012.07.23"]

1. d4 Nf6 2. c4 e6 3. Nf3 b6 4. g3 Bb7 5. Bg2 Be7 6. O-O O-O 7. Nc3 Ne4 8. Bd2
Nd6 9. b3 c5 10. d5 exd5 11. cxd5 f5 12. Bf4 a6 13. a4 g5 14. Nxg5 Bxg5 15.
Bxd6 Rf6 16. Be5 Rg6 17. f4 Bf6 18. e4 fxe4 19. Nxe4 Bg7 20. f5 Bxe5 21. fxg6
hxg6 22. Qg4 Kg7 23. Rad1 Bd4+ 24. Rxd4 cxd4 25. Nd6 Qe7 1-0

[Event "XX C.to Italiano U20"]
[Site "Acqui Terme ITA"]
[Date "2012.07.25"]
[Round "3"]
[White "Caprio, Guido"]
[Black "Albertini, Luca"]
[WhiteElo "2430"]
[BlackElo "2122"]
[Result "1-0"]
[PlyCount "51"]
[EventDate "2012.07.23"]

1. d4 d5 2. c4 c6 3. Nf3 Nf6 4. e3 Bg4 5. Nc3 e6 6. h3 Bxf3 7. Qxf3 Bb4 8. Bd3
Nbd7 9. O-O dxc4 10. Bxc4 O-O 11. a3 Bxc3 12. bxc3 e5 13. a4 e4 14. Qd1 Nb6 15.
Be2 Qd5 16. a5 Nc8 17. c4 Qd7 18. Ba3 Re8 19. Qa4 Nd6 20. d5 Nf5 21. Rfd1 Rac8
22. dxc6 Qxc6 23. Qxc6 bxc6 24. g4 Nxg4 25. hxg4 Nxe3 26. fxe3 1-0

[Event "XX C.to Italiano U20"]
[Site "Acqui Terme ITA"]
[Date "2012.07.25"]
[Round "3"]
[White "Paltrinieri, Nicholas"]
[Black "Yao, Stefano"]
[WhiteElo "2172"]
[BlackElo "1831"]
[Result "1-0"]
[PlyCount "61"]
[EventDate "2012.07.23"]

1. d4 Nf6 2. Bg5 Ne4 3. Bh4 c5 4. f3 Qa5+ 5. c3 Nf6 6. d5 d6 7. e4 Nbd7 8. Nd2
g6 9. f4 Bg7 10. Ngf3 O-O 11. a4 Qc7 12. Bc4 Rb8 13. O-O a6 14. a5 b5 15. axb6
Rxb6 16. Ra2 Re8 17. Qe2 Qb8 18. b3 Nh5 19. Qe3 Bh6 20. Ng5 Bg7 21. g4 Nhf6 22.
h3 Bb7 23. Rfa1 Qa8 24. Qd3 Nb8 25. Ngf3 Nfd7 26. Nf1 e6 27. g5 exd5 28. exd5
f5 29. gxf6 Nxf6 30. Ng3 Bxd5 31. Bxf6 1-0

[Event "XX C.to Italiano U20"]
[Site "Acqui Terme ITA"]
[Date "2012.07.25"]
[Round "3"]
[White "Rambaldi, Francesco"]
[Black "De Filomeno, Simone"]
[WhiteElo "2257"]
[BlackElo "2338"]
[Result "0-1"]
[PlyCount "66"]
[EventDate "2012.07.23"]

1. d4 d5 2. c4 e6 3. Nc3 Nf6 4. Bg5 Be7 5. cxd5 exd5 6. e3 c6 7. Bd3 Bg4 8. Qc2
Bh5 9. Nge2 Bg6 10. Ng3 Na6 11. a3 Bxd3 12. Qxd3 g6 13. f3 Nc7 14. e4 dxe4 15.
fxe4 Ne6 16. Be3 Ng4 17. Bg1 Ne5 18. Qd1 Nc4 19. Rb1 Bg5 20. Nf1 O-O 21. Qd3 b5
22. g3 Re8 23. h4 Bf6 24. d5 Bxc3+ 25. Qxc3 cxd5 26. Rd1 Ng7 27. Nh2 Rxe4+ 28.
Kf1 Nf5 29. Re1 d4 30. Qd3 Rxe1+ 31. Kxe1 Nxb2 32. Qb3 Qe7+ 33. Kf1 Re8 0-1

[Event "XX C.to Italiano U20"]
[Site "Acqui Terme ITA"]
[Date "2012.07.25"]
[Round "3"]
[White "Varvaglione, Antonio"]
[Black "Boscolo, Federico"]
[WhiteElo "2011"]
[BlackElo "2300"]
[Result "0-1"]
[PlyCount "86"]
[EventDate "2012.07.23"]

1. e4 c5 2. c3 d6 3. d4 Nf6 4. Bd3 g6 5. Nf3 Bg7 6. O-O O-O 7. h3 d5 8. e5 Ne4
9. Be3 Nc6 10. Nbd2 Bf5 11. Bb1 Nxd2 12. Qxd2 Bxb1 13. Raxb1 Qa5 14. b4 cxb4
15. cxb4 Qb6 16. Rfc1 Rfc8 17. Rc5 e6 18. Rbc1 Bf8 19. Bh6 Bxc5 20. bxc5 Qd8
21. Qf4 Ne7 22. Nh2 Nf5 23. Ng4 f6 24. exf6 Qc7 25. Ne5 Nxh6 26. Qxh6 Rf8 27.
f7+ Rxf7 28. Nxf7 Qxf7 29. Qe3 Re8 30. Qe5 Qg7 31. f4 Qxe5 32. fxe5 Rf8 33. Rf1
Rxf1+ 34. Kxf1 Kf7 35. Ke2 Ke7 36. Kf3 Kd7 37. Ke3 Kc6 38. Kd3 Kb5 39. Kc3 Ka4
40. g3 Ka3 41. g4 g5 42. Kc2 Kxa2 43. Kc3 Ka3 0-1

[Event "XX C.to Italiano U20"]
[Site "Acqui Terme ITA"]
[Date "2012.07.25"]
[Round "4"]
[White "Basso, Pier Luigi"]
[Black "Caprio, Guido"]
[WhiteElo "2179"]
[BlackElo "2430"]
[Result "0-1"]
[PlyCount "54"]
[EventDate "2012.07.23"]

1. d4 Nf6 2. c4 e6 3. g3 Bb4+ 4. Bd2 Qe7 5. Nf3 Nc6 6. Nc3 d5 7. Bg2 dxc4 8. a3
Bxc3 9. Bxc3 Nd5 10. e4 Nxc3 11. bxc3 Bd7 12. Nd2 Na5 13. O-O O-O 14. Qe2 c5
15. Qh5 Nb3 16. Rad1 cxd4 17. Nxb3 cxb3 18. Rxd4 e5 19. Rb4 g6 20. Qe2 Be6 21.
c4 Rac8 22. Rc1 b5 23. c5 Rxc5 24. Rxc5 Qxc5 25. Rxb5 Bc4 26. Rxc5 Bxe2 27. Rc1
Bd3 0-1

[Event "XX C.to Italiano U20"]
[Site "Acqui Terme ITA"]
[Date "2012.07.25"]
[Round "4"]
[White "Bisi, Samuele"]
[Black "Rambaldi, Francesco"]
[WhiteElo "2063"]
[BlackElo "2257"]
[Result "0-1"]
[PlyCount "32"]
[EventDate "2012.07.23"]

1. d4 d6 2. c4 e5 3. Nc3 exd4 4. Qxd4 Nc6 5. Qd2 Nf6 6. b3 a5 7. Bb2 a4 8. Nxa4
d5 9. cxd5 Ne4 10. Qe3 Rxa4 11. O-O-O Bc5 12. Bd4 Rxd4 13. Rxd4 Nxd4 14. Qxe4+
Qe7 15. f3 Nf5 16. Qxe7+ Kxe7 0-1

[Event "XX C.to Italiano U20"]
[Site "Acqui Terme ITA"]
[Date "2012.07.25"]
[Round "4"]
[White "Boscolo, Federico"]
[Black "Paltrinieri, Nicholas"]
[WhiteElo "2300"]
[BlackElo "2172"]
[Result "1-0"]
[PlyCount "55"]
[EventDate "2012.07.23"]

1. e4 e6 2. d4 d5 3. Nd2 c5 4. exd5 exd5 5. Ngf3 Nc6 6. Bb5 Bd6 7. dxc5 Bxc5 8.
O-O Nge7 9. Nb3 Bd6 10. c3 a6 11. Bd3 h6 12. h3 O-O 13. Nbd4 Bd7 14. Bc2 Na5
15. Re1 Re8 16. b3 Qc7 17. Qd3 Ng6 18. Bb2 Nc6 19. Nf5 Nce5 20. Qxd5 Nxf3+ 21.
Qxf3 Bh2+ 22. Kh1 Bf4 23. c4 b5 24. Nxg7 Rxe1+ 25. Rxe1 Bc6 26. Be4 Qa5 27. Rd1
Nh4 28. Qxf4 1-0

[Event "XX C.to Italiano U20"]
[Site "Acqui Terme ITA"]
[Date "2012.07.25"]
[Round "4"]
[White "De Filomeno, Simone"]
[Black "Altini, Nicola"]
[WhiteElo "2338"]
[BlackElo "2332"]
[Result "1-0"]
[PlyCount "81"]
[EventDate "2012.07.23"]

1. e4 e5 2. Nf3 Nc6 3. Bb5 Nf6 4. O-O Nxe4 5. d4 Nd6 6. dxe5 Nxb5 7. a4 Nbd4 8.
Nxd4 d5 9. Nc3 Bb4 10. Ndb5 Bxc3 11. bxc3 O-O 12. f4 Bf5 13. Be3 a6 14. Nd4
Nxd4 15. cxd4 a5 16. g4 Be4 17. f5 Qh4 18. Ra3 Ra6 19. Bf2 Qg5 20. Rg3 Rc6 21.
c3 Rb6 22. Be3 Qe7 23. Bc1 f6 24. e6 g5 25. h4 gxh4 26. Rh3 Kh8 27. Qe1 Rg8 28.
Qxh4 Qg7 29. Rg3 Rb1 30. Bh6 Rxf1+ 31. Kxf1 Qe7 32. Bf4 Rg7 33. Bh6 Rg8 34. Rh3
b5 35. axb5 a4 36. Bc1 Rg7 37. Qh5 a3 38. Bxa3 Qxa3 39. Qe8+ Rg8 40. Rxh7+ Kxh7
41. Qh5+ 1-0

[Event "XX C.to Italiano U20"]
[Site "Acqui Terme ITA"]
[Date "2012.07.25"]
[Round "4"]
[White "Melone, Antonio"]
[Black "Morello, Guido"]
[WhiteElo "2146"]
[BlackElo "2037"]
[Result "1-0"]
[PlyCount "75"]
[EventDate "2012.07.23"]

1. d4 e5 2. dxe5 d6 3. Nf3 Nc6 4. Bg5 Qd7 5. exd6 Bxd6 6. e3 h6 7. Bh4 Qg4 8.
Nbd2 Be6 9. Bg3 Bxg3 10. hxg3 O-O-O 11. Bb5 Nge7 12. Qe2 Qb4 13. O-O Bg4 14.
Qc4 a6 15. a3 Qxc4 16. Bxc4 f6 17. Nb3 b5 18. Bd3 Rd6 19. a4 Nb4 20. axb5 Nxd3
21. cxd3 Rxd3 22. Nc5 Rd5 23. Rfc1 a5 24. Rxa5 Rxc5 25. Rxc5 Kb7 26. Ra4 Bxf3
27. gxf3 Ng6 28. f4 Re8 29. Rac4 Re7 30. b4 Nh8 31. Rd4 Nf7 32. e4 g5 33. Kg2
gxf4 34. gxf4 Nd6 35. Kf3 Kb6 36. e5 Nxb5 37. Rdd5 c6 38. Rxb5+ 1-0

[Event "XX C.to Italiano U20"]
[Site "Acqui Terme ITA"]
[Date "2012.07.26"]
[Round "5"]
[White "Boscolo, Federico"]
[Black "De Filomeno, Simone"]
[WhiteElo "2300"]
[BlackElo "2338"]
[Result "1/2-1/2"]
[PlyCount "92"]
[EventDate "2012.07.23"]

1. e4 c5 2. Nf3 Nc6 3. Bb5 g6 4. Bxc6 dxc6 5. d3 Bg7 6. h3 Nf6 7. Nc3 Nd7 8.
Be3 e5 9. Qd2 h6 10. O-O Qe7 11. a3 Nf8 12. b4 Ne6 13. Na4 b6 14. bxc5 b5 15.
Nc3 f5 16. exf5 gxf5 17. Qe1 O-O 18. Rb1 a5 19. Bd2 Qxc5 20. Ne2 Qxc2 21. Ng3
Qxd3 22. Nh5 e4 23. Nh4 Nd4 24. Nxg7 Kxg7 25. Rd1 Nc2 26. Bc3+ Kf7 27. Rxd3
Nxe1 28. Rd6 Nc2 29. Ng6 Re8 30. Ne5+ Kg8 31. Rg6+ Kf8 32. Rxc6 Ra6 33. Rc7
Nxa3 34. f4 b4 35. Bd2 Nb5 36. Rc5 Nd4 37. Rxa5 Rxa5 38. Bxb4+ Kg8 39. Bxa5
Ne2+ 40. Kh2 Ba6 41. Ra1 Nxf4 42. Bd2 Ne2 43. Rxa6 Rxe5 44. Bxh6 e3 45. g4 f4
46. Kg2 Nd4 1/2-1/2

[Event "XX C.to Italiano U20"]
[Site "Acqui Terme ITA"]
[Date "2012.07.26"]
[Round "5"]
[White "Caprio, Guido"]
[Black "Altini, Nicola"]
[WhiteElo "2430"]
[BlackElo "2332"]
[Result "0-1"]
[PlyCount "74"]
[EventDate "2012.07.23"]

1. e4 e5 2. Nf3 Nc6 3. Bb5 Nf6 4. O-O Nxe4 5. Re1 Nd6 6. Nxe5 Be7 7. Bf1 Nxe5
8. Rxe5 O-O 9. d4 Bf6 10. Re1 Nf5 11. d5 d6 12. Nd2 Nh4 13. Bd3 Bf5 14. Bxf5
Nxf5 15. Ne4 Re8 16. c3 c6 17. Bf4 Be5 18. dxc6 Bxf4 19. cxb7 Rb8 20. Qg4 Qh4
21. Qxf5 Qxh2+ 22. Kf1 Qh1+ 23. Ke2 Qxg2 24. Kd3 Qg6 25. Qxg6 fxg6 26. c4 Rf8
27. b4 Rxb7 28. Rab1 Rd7 29. Kd4 Rf5 30. b5 Rd8 31. Kc3 d5 32. cxd5 Rfxd5 33.
a4 Rc8+ 34. Kb3 Rd3+ 35. Kb4 Rd4+ 36. Kb3 Rcc4 37. Nc3 Bd2 0-1

[Event "XX C.to Italiano U20"]
[Site "Acqui Terme ITA"]
[Date "2012.07.26"]
[Round "5"]
[White "Paltrinieri, Nicholas"]
[Black "Bargeri, Ludovico"]
[WhiteElo "2172"]
[BlackElo "1954"]
[Result "0-1"]
[PlyCount "142"]
[EventDate "2012.07.23"]

1. d4 d5 2. Bg5 h6 3. Bh4 c6 4. Nf3 Qb6 5. b3 Bf5 6. e3 Nd7 7. Bd3 Bxd3 8. Qxd3
e6 9. O-O Ngf6 10. c4 Be7 11. Nc3 O-O 12. Rab1 Qa6 13. Ne5 Rfe8 14. Bxf6 Nxf6
15. c5 Qxd3 16. Nxd3 b5 17. a4 a6 18. axb5 cxb5 19. Ra1 Rec8 20. Ra2 a5 21. b4
axb4 22. Rxa8 Rxa8 23. Nxb4 Ra3 24. Nxb5 Rb3 25. c6 Rxb4 26. Rc1 Bd8 27. c7
Bxc7 28. Nxc7 Ne4 29. f3 Nd6 30. Re1 Rb6 31. Ra1 Rb3 32. Kf2 Rb2+ 33. Kf1 Nf5
34. Ra3 Nh4 35. e4 Rc2 36. g3 Nxf3 37. Rxf3 Rxc7 38. exd5 exd5 39. Rf5 Rd7 40.
Ke2 Kf8 41. Kd3 Ke7 42. Rf2 Kd6 43. Ra2 Ke6 44. Re2+ Kf6 45. Re5 Kg6 46. Re2 f6
47. Ra2 Kf5 48. h3 h5 49. Rf2+ Ke6 50. Re2+ Kf7 51. Ra2 Rb7 52. Ra3 Rb2 53. Ke3
Rb5 54. Rc3 Ra5 55. Rb3 g5 56. Rc3 Ke6 57. Rb3 Kf5 58. Kf3 g4+ 59. hxg4+ hxg4+
60. Ke3 Ra2 61. Rb5 Ra3+ 62. Kf2 Ke4 63. Kg2 Ra2+ 64. Kg1 Rd2 65. Rb6 f5 66.
Rb4 Rxd4 67. Rb1 Rd2 68. Kf1 d4 69. Rb5 Rc2 70. Rb1 Kf3 71. Rb3+ Rc3 0-1

[Event "XX C.to Italiano U20"]
[Site "Acqui Terme ITA"]
[Date "2012.07.26"]
[Round "5"]
[White "Rambaldi, Francesco"]
[Black "Melone, Antonio"]
[WhiteElo "2257"]
[BlackElo "2146"]
[Result "1-0"]
[PlyCount "75"]
[EventDate "2012.07.23"]

1. Nf3 Nf6 2. c4 g6 3. g3 Bg7 4. Bg2 O-O 5. O-O d6 6. Nc3 Nfd7 7. e4 c5 8. d3
Nc6 9. Bg5 Rb8 10. Ne1 Nd4 11. a4 Ne5 12. Nc2 Nec6 13. Nd5 Ne6 14. Bc1 a6 15.
Ra2 b5 16. axb5 axb5 17. b3 Nc7 18. Bg5 h6 19. Be3 e6 20. Nxc7 Qxc7 21. Qd2
bxc4 22. bxc4 Kh7 23. h4 Bd7 24. h5 Nb4 25. hxg6+ fxg6 26. Nxb4 cxb4 27. Ra7
Rb7 28. Rxb7 Qxb7 29. Rb1 Rb8 30. e5 d5 31. d4 Bc6 32. c5 b3 33. Qb2 Qa6 34.
Bf1 Qa2 35. Be2 Qxb2 36. Rxb2 Rb4 37. Ba6 Bb7 38. Bd2 1-0

[Event "XX C.to Italiano U20"]
[Site "Acqui Terme ITA"]
[Date "2012.07.26"]
[Round "5"]
[White "Varvaglione, Antonio"]
[Black "Davi, Alessandro"]
[WhiteElo "2011"]
[BlackElo "2102"]
[Result "0-1"]
[PlyCount "51"]
[EventDate "2012.07.23"]

1. e4 d5 2. exd5 Qxd5 3. Nc3 Qd6 4. d4 c6 5. Nf3 Nf6 6. Be2 Bf5 7. O-O Nbd7 8.
Bg5 e6 9. h3 Qb4 10. Qd2 Bd6 11. Nh4 Bg6 12. a3 Qb6 13. Nxg6 hxg6 14. Rfe1 Qc7
15. Bf3 Kf8 16. Ne4 Nxe4 17. Rxe4 a5 18. a4 Nf6 19. Bxf6 gxf6 20. c4 Rd8 21.
Qc3 Bb4 22. Qd3 f5 23. Re2 e5 24. d5 e4 25. Qd4 Kg8 26. Qd1 0-1

[Event "XX C.to Italiano U20"]
[Site "Acqui Terme ITA"]
[Date "2012.07.27"]
[Round "6"]
[White "Altini, Nicola"]
[Black "Boscolo, Federico"]
[WhiteElo "2332"]
[BlackElo "2300"]
[Result "1/2-1/2"]
[PlyCount "84"]
[EventDate "2012.07.23"]

1. d4 Nf6 2. c4 g6 3. Nc3 Bg7 4. e4 d6 5. Nf3 O-O 6. Be2 e5 7. O-O exd4 8. Nxd4
Re8 9. f3 c6 10. Kh1 Nbd7 11. Bg5 Qb6 12. Nb3 a5 13. Qd2 a4 14. Be3 Qc7 15. Nd4
Nc5 16. Rfd1 Nfd7 17. Bf1 Ne5 18. Rab1 Bd7 19. h3 Be6 20. f4 Nxc4 21. Nxe6 Nxd2
22. Nxc7 Nxb1 23. Rxb1 Nxe4 24. Nxe8 Rxe8 25. Nxe4 Rxe4 26. Bd2 Rd4 27. Bc3
Rxf4 28. Bd3 Bxc3 29. bxc3 Rf2 30. Rxb7 Rxa2 31. Ra7 a3 32. Bc4 Ra1+ 33. Kh2 d5
34. Bb3 Rc1 35. c4 Rc3 36. Rxa3 Kg7 37. cxd5 cxd5 38. Kg1 h5 39. h4 Kh6 40. Kf2
Kg7 41. Ke2 Rg3 42. Kf2 Rc3 1/2-1/2

[Event "XX C.to Italiano U20"]
[Site "Acqui Terme ITA"]
[Date "2012.07.27"]
[Round "6"]
[White "Bargeri, Ludovico"]
[Black "Rambaldi, Francesco"]
[WhiteElo "1954"]
[BlackElo "2257"]
[Result "0-1"]
[PlyCount "68"]
[EventDate "2012.07.23"]

1. d4 e6 2. c4 Bb4+ 3. Nc3 b6 4. Qc2 f5 5. Nf3 Nf6 6. Bd2 Bb7 7. e3 O-O 8. Bd3
d6 9. a3 Bxc3 10. Bxc3 Ne4 11. O-O Nd7 12. Rae1 c5 13. Nd2 Nxc3 14. Qxc3 Qg5
15. f3 Rac8 16. Rf2 Qh6 17. b3 Kh8 18. Qb2 e5 19. d5 Rce8 20. Qc1 Bc8 21. Bf1
Nf6 22. g3 g5 23. Bg2 e4 24. Nf1 exf3 25. Bxf3 Re5 26. Qd2 Rfe8 27. Rfe2 Qg6
28. b4 h5 29. Kf2 h4 30. b5 Kh7 31. Rc1 f4 32. gxf4 gxf4 33. Rce1 Ng4+ 34. Kg2
fxe3 0-1

[Event "XX C.to Italiano U20"]
[Site "Acqui Terme ITA"]
[Date "2012.07.27"]
[Round "6"]
[White "Basso, Pier Luigi"]
[Black "Villa, Giorgio"]
[WhiteElo "2179"]
[BlackElo "1949"]
[Result "0-1"]
[PlyCount "88"]
[EventDate "2012.07.23"]

1. d4 d5 2. c4 c6 3. Nf3 Nf6 4. e3 g6 5. Nc3 Bg7 6. Bd3 O-O 7. O-O e6 8. e4
Nxe4 9. Nxe4 dxe4 10. Bxe4 Nd7 11. Bd2 e5 12. Bc3 f5 13. Bc2 e4 14. Ne1 c5 15.
dxc5 Bxc3 16. Qd5+ Kg7 17. bxc3 Qc7 18. Qd4+ Nf6 19. Qd6 Qa5 20. Rb1 Qxc3 21.
Bb3 a5 22. c6 bxc6 23. Qxc6 Bd7 24. Qd6 a4 25. Bd1 Qxc4 26. Rb7 Rf7 27. Nc2
Qxa2 28. Ne3 Qe6 29. Qa3 f4 30. Nc2 Qd5 31. Qb2 a3 32. Nxa3 Rxa3 33. Rxd7 Rxd7
34. Qxa3 Qxd1 35. Qa5 e3 36. fxe3 fxe3 37. Qa6 Qd4 38. Qe2 Qd2 39. Qf3 Rf7 40.
Rd1 e2 41. Rxd2 e1=Q+ 42. Qf1 Qxd2 43. h4 Qd4+ 44. Kh1 Ng4 0-1